| 000 | 00525nam a22001937a 4500 | ||
|---|---|---|---|
| 003 | NUST - PNEC | ||
| 005 | 20170116180825.0 | ||
| 008 | 150630b xxu||||| |||| 00| 0 eng d | ||
| 020 | _a0878915087 | ||
| 040 | _cLIBRARY | ||
| 082 | _a512.0076 REA | ||
| 100 |
_94283 _aChief, M.Fogiel |
||
| 245 |
_aThe algebra & trigonometry problem solver _cM.Fogiel, Chief |
||
| 250 | _a- | ||
| 260 |
_aNew Jersey _bResearch and Education Association _cc1988. |
||
| 300 | _a915 p. : | ||
| 650 |
_94284 _aAlgebra _xME |
||
| 942 |
_2ddc _cBK |
||
| 999 |
_c63841 _d63841 |
||